000 00491nam a2200193Ia 4500
005 20140311163057.0
008 140130s9999 xx 000 0 und d
020 _a043911425X
050 _aPZ 90.H55
_b.K43 2000
100 _aKeats, Ezra Jack
_922874
245 _cKeats, Ezra Jack
_aPeter's chair /
260 _bScholastic,
_c2000.
_aU.S.A :
300 _a31 p. :
_bcol. ill. ;
_c22 cm.
440 _v1
_931174
521 _aG2
526 _c390
942 _cBK
_2lcc
999 _c40219
_d40219